Statistics for Taylor Swift - I Know Places Lyrics

Click here to take the quiz!

General Stats

  • This quiz has been taken 200 times
  • The average score is 216 of 263

Answer Stats

Answer% Correct
I
100%
know
98%
places
98%
a
97%
And
97%
and
97%
we
97%
the
96%
be
94%
can
94%
hide
94%
They
94%
they
94%
won't
94%
run
93%
Baby
91%
found
91%
are
90%
foxes
90%
hunters
90%
my
90%
to
90%
You
90%
you
90%
It
87%
it
87%
us
87%
'Cause
85%
they'll
85%
chasing
84%
down
84%
hand
84%
track
82%
trying
82%
ever
81%
love
81%
your
81%
on
79%
don't
78%
got
78%
Just
78%
with
78%
hide
77%
stand
77%
me
75%
drop
74%
guns
73%
It's
73%
it's
73%
their
73%
so
72%
time
72%
grab
71%
In
71%
in
71%
hear
70%
out
70%
tails
70%
waistline
70%
all
69%
boxes
69%
cages
69%
we're
66%
when
66%
damn
65%
for
65%
as
64%
but
64%
by
64%
See
64%
them
64%
this
64%
bad
62%
of
62%
sign
62%
always
61%
Not
61%
burn
57%
could
57%
dark
57%
pass
57%
whisper
57%
everybody
56%
finds
56%
night
56%
Something
56%
happens
55%
here
54%
ships
54%
sight
54%
say
53%
we'll
53%
what
53%
fences
52%
little
52%
Love's
52%
plain
52%
take
52%
sink
51%
bulletproof
50%
dead
50%
eyes
50%
fragile
50%
Let
50%
flame
49%
Lights
49%
circling
48%
clouds
48%
flash
48%
green
48%
lips
48%
vultures
48%
want
48%
Loose
47%
shots
46%
scene
44%

Score Distribution

Percentile by Number Answered

Percent of People with Each Score

Your Score History

You have not taken this quiz